| 000 | 01805cam a2200349Ia 4500 | ||
|---|---|---|---|
| 001 | 813165364 | ||
| 003 | OCoLC | ||
| 005 | 20140404145915.0 | ||
| 008 | 121016s2012 nyu 000 0deng d | ||
| 010 | _a2012947484 | ||
| 020 | _a097556188X (sc) | ||
| 020 | _a9780975561881 (sc) | ||
| 035 |
_a(OCoLC)813165364 _z(OCoLC)781678691 |
||
| 040 |
_aBKL _cBKL _dCO2 _dBTCTA _dBDX _dB@L _dOCLCO _dYDXCP _dNVC _dSO$ _dSX@ |
||
| 049 | _aSX@A | ||
| 082 | 0 | 4 |
_a813.6 _223 |
| 082 | 4 | _aB | |
| 099 | _aTaitz, S. 2012 | ||
| 100 | 1 | _aTaitz, Sonia. | |
| 245 | 1 | 4 |
_aThe watchmaker's daughter / _cSonia Taitz. |
| 250 | _a1st ed. | ||
| 260 |
_aNew York, NY : _bMcWitty Press, _c2012. |
||
| 300 |
_a246 p. ; _c21 cm. |
||
| 520 | _aThe Watchmaker's Daughter tells the story of a child of two refugees: a watchmaker who saved lives within Dachau prison, and his wife, a gifted concert pianist about to make her debut when the Nazis seized power. In this memoir, Sonia Taitz is born into a world in which the Holocaust is discussed constantly by her insular concentration camp-surviving parents. This legacy, combined with Sonia's passion and intelligence, leads the author to forge an adventurous life in which she seeks to heal both her parents and herself through travel, achievement, and a daring love affair. Ironically, it is her marriage to a non-Jew that brings her parents the peace and fulfillment they would never have imagined possible. Sonia manages to combine her own independence with a tender dutifulness, honoring her parents' legacy while forging a new family of her own. | ||
| 590 | _abiog01/13. | ||
| 600 | 1 | 0 | _aTaitz, Sonia. |
| 650 | 0 |
_aAuthors, American _vBiography. |
|
| 650 | 0 | _aChildren of Holocaust survivors. | |
| 650 | 0 |
_aJewish authors _vBiography. |
|
| 907 | _a.b15395285 | ||
| 942 |
_2ddc _cBK |
||
| 999 |
_c19 _d19 |
||